000 00392 a2200145 4500
999 _c359
_d359
020 _a0340888865
050 _aBR759 WAT 2005
100 _aWatton, Victor W.
_eauthor
245 _aReligion and life /
_cVictor W. Watton
264 _aLondon :
_bHodder Murray,
_cc2005
300 _a166p. :
_bill.
500 _aGlossary
650 _aReligion
_xPhilosophy
942 _2lcc
_cBK
_e4th ed.
_h759
_iWAT
_kBR